| Tag |
First Indicator |
Second Indicator |
Subfields |
| LEADER |
00000cam a2200000 4500 |
| 001 |
in00000013407 |
| 005 |
20151007052449.0 |
| 008 |
780511m1932 waua 00010 eng |
| 035 |
|
|
|a (OCoLC)03884412
|
| 035 |
|
|
|9 AAA7894AM
|
| 040 |
|
|
|a DLC
|c DLM
|d m.c.
|d TXA
|d UtOrBLW
|
| 049 |
|
|
|a TXAM
|v 3 [A12633515]
|
| 050 |
0 |
0 |
|a BL2130
|b .L3
|
| 082 |
0 |
|
|a 299.9211
|
| 100 |
1 |
|
|a Lambrecht, Francis.
|
| 245 |
1 |
4 |
|a The Mayawyaw ritual /
|c by Francis Lambrecht.
|
| 264 |
|
1 |
|a Washington, D. C. :
|b Catholic Anthropological Conference,
|c 1932-
|
| 300 |
|
|
|a volumes :
|b illustrations (including maps) ;
|c 25 cm.
|
| 336 |
|
|
|a text
|b txt
|2 rdacontent
|
| 337 |
|
|
|a unmediated
|b n
|2 rdamedia
|
| 338 |
|
|
|a volume
|b nc
|2 rdacarrier
|
| 490 |
1 |
|
|a [The Catholic Anthropological Conference, Publications], vol. IV, no. 1
|
| 505 |
0 |
|
|a 1. Rice culture and rice ritual.-- 2. Marriage and marriage ritual.-- 3. Death and death ritual.-- 4. Property and property ritual.-- 5. Go-betweens and priests.
|
| 650 |
|
0 |
|a Ifugao (Philippine people)
|x Religion.
|
| 650 |
|
0 |
|a Rites and ceremonies
|z Philippines.
|
| 650 |
|
0 |
|a Religion.
|
| 830 |
|
0 |
|a [Publications of the Catholic Anthropological Conference], vol. IV, no. 1-
|
| 999 |
|
|
|a MARS
|
| 999 |
f |
f |
|s ead54b62-4b36-3fe5-b79a-74ce1b5d8e56
|i a05a9a0c-4941-3e28-8aef-8404e33932be
|t 0
|
| 952 |
f |
f |
|p ric
|a Texas A&M University
|b Rellis Campus
|c Joint Library Facility
|d Remote Storage
|t 0
|e BL2130 .L3
|h Library of Congress classification
|i unmediated -- volume
|k v.3
|m A14812633515
|
| 998 |
f |
f |
|a BL2130 .L3
|s v.3
|t 0
|l Remote Storage
|